[Event "TCh-CHN Division A 2014"]
[Site "Shaoguan CHN"]
[Date "2014.07.27"]
[Round "11.4"]
[White "Malakhov, Vladimir"]
[Black "Ding, Liren"]
[Result "1/2-1/2"]
[WhiteTitle "GM"]
[BlackTitle "GM"]
[WhiteElo "2708"]
[BlackElo "2730"]
[WhiteTeam "Tianjing"]
[BlackTeam "Zhejiang"]
[WhiteFideId "4120787"]
[BlackFideId "8603677"]
[EventDate "2014.04.12"]

1. Nf3 Nf6 2. c4 g6 3. g3 Bg7 4. Bg2 O-O 5. O-O Nc6 6. Nc3 d6 7. d3 e5 8. b3 Nd4
9. Nd2 c6 10. e3 Ne6 11. Ba3 Re8 12. Nde4 Nxe4 13. dxe4 Qa5 14. Bb2 Qc7 15. Qd2
Nc5 16. h4 a5 17. Ba3 Bf8 18. Kh2 Nd7 19. Rac1 Nf6 20. Rfd1 Rd8 21. Qe2 Bd7 22.
Na4 Be8 23. Rd3 Qb8 24. Nc3 b5 25. cxb5 cxb5 26. b4 Rc8 27. bxa5 Rxa5 28. Bb4
Ra6 29. Rb1 Rc4 30. a3 h5 1/2-1/2

[Event "TCh-CHN Division A 2014"]
[Site "Shaoguan CHN"]
[Date "2014.07.27"]
[Round "11.4"]
[White "Ma, Qun"]
[Black "Lu, Shanglei"]
[Result "1-0"]
[WhiteTitle "GM"]
[BlackTitle "GM"]
[WhiteElo "2621"]
[BlackElo "2566"]
[WhiteTeam "Tianjing"]
[BlackTeam "Zhejiang"]
[WhiteFideId "8603154"]
[BlackFideId "8603332"]
[EventDate "2014.04.12"]

1. e4 c5 2. Nf3 d6 3. d4 Nf6 4. Nc3 cxd4 5. Nxd4 a6 6. Be3 Ng4 7. Bg5 h6 8. Bh4
g5 9. Bg3 Bg7 10. h3 Ne5 11. Be2 Nbc6 12. Nb3 Ng6 13. Qd2 Be6 14. O-O Be5 15.
Rad1 Qb6 16. Kh2 Nf4 17. Nd5 Bxd5 18. exd5 h5 19. dxc6 h4 20. Bf3 hxg3+ 21. fxg3
Nh5 22. cxb7 Rb8 23. Qa5 Qa7 24. Qc7 Kf8 25. Bxh5 Rxh5 26. Nc5 Kg7 27. Qxe7 1-0

[Event "TCh-CHN Division A 2014"]
[Site "Shaoguan CHN"]
[Date "2014.07.27"]
[Round "11.4"]
[White "Ding, Yixin"]
[Black "Ushenina, Anna"]
[Result "1/2-1/2"]
[WhiteTitle "WGM"]
[BlackTitle "GM"]
[WhiteElo "2440"]
[BlackElo "2494"]
[WhiteTeam "Zhejiang"]
[BlackTeam "Tianjing"]
[WhiteFideId "8602972"]
[BlackFideId "14110911"]
[EventDate "2014.04.12"]

1. Nf3 Nf6 2. g3 d5 3. Bg2 e6 4. O-O Be7 5. d4 b5 6. b3 Bb7 7. c4 bxc4 8. bxc4
dxc4 9. Na3 O-O 10. Nxc4 c5 11. dxc5 Bxc5 12. Bb2 Nbd7 13. Nfe5 Bxg2 14. Kxg2
Nxe5 15. Qxd8 Rfxd8 16. Bxe5 Nd5 17. Rfd1 f6 18. Bb2 Nb6 19. Nxb6 axb6 20. a3
Kf7 21. f4 b5 22. Rxd8 Rxd8 23. Rc1 Rd2 24. Kf3 Rxb2 25. Rxc5 Rb3+ 26. Ke4 f5+
27. Kd4 Rxa3 28. Rxb5 Kf6 29. Rb8 h6 30. Rf8+ Ke7 31. Rc8 Kf7 32. Rc3 Ra2 33.
Ke3 g5 34. h3 Kf6 35. Kf3 Ra4 36. Re3 Ra1 37. Kf2 Ra4 38. Kf3 Ra1 39. Kf2 Ra4 1/2-1/2

[Event "TCh-CHN Division A 2014"]
[Site "Shaoguan CHN"]
[Date "2014.07.27"]
[Round "11.4"]
[White "Qiu, Mengjie"]
[Black "Ni, Shiqun"]
[Result "1/2-1/2"]
[WhiteTitle "WFM"]
[BlackTitle "WIM"]
[WhiteElo "2126"]
[BlackElo "2262"]
[WhiteTeam "Zhejiang"]
[BlackTeam "Tianjing"]
[WhiteFideId "8606137"]
[BlackFideId "8608466"]
[EventDate "2014.04.12"]

1. e4 e5 2. Nf3 Nf6 3. Nxe5 d6 4. Nf3 Nxe4 5. d4 d5 6. Bd3 Be7 7. O-O Nc6 8. c4
Nb4 9. cxd5 Nxd3 10. Qxd3 Qxd5 11. Re1 Bf5 12. g4 Bg6 13. Nc3 Nxc3 14. Qxc3 f6
15. Qxc7 O-O 16. Rxe7 Qxf3 17. Rxg7+ Kh8 18. Bh6 Qxg4+ 19. Qg3 Qxd4 20. Rxg6
hxg6 21. Bxf8 Rxf8 22. Rc1 Kg7 23. Rc7+ Rf7 24. Rxf7+ Kxf7 25. Qc7+ Ke6 26. Qxb7
Qd1+ 27. Kg2 Qg4+ 28. Kh1 Qd1+ 29. Kg2 Qg4+ 30. Kh1 Qd1+ 31. Kg2 Qg4+ 32. Kh1 1/2-1/2

[Event "TCh-CHN Division A 2014"]
[Site "Shaoguan CHN"]
[Date "2014.07.27"]
[Round "11.5"]
[White "Li, Shilong"]
[Black "Zhao, Jun"]
[Result "1/2-1/2"]
[WhiteTitle "GM"]
[BlackTitle "GM"]
[WhiteElo "2495"]
[BlackElo "2578"]
[WhiteTeam "Guangdong"]
[BlackTeam "Shandong"]
[WhiteFideId "8600678"]
[BlackFideId "8602522"]
[EventDate "2014.04.12"]

1. e4 e5 2. Nf3 Nc6 3. Nc3 Nf6 4. d4 exd4 5. Nxd4 Bb4 6. Nxc6 bxc6 7. Bd3 d5 8.
exd5 cxd5 9. O-O O-O 10. Bg5 c6 11. Na4 h6 12. Bh4 Re8 13. c4 dxc4 14. Bxc4 Qxd1
15. Rfxd1 g5 16. Bg3 Ne4 17. Bc7 Bf5 18. a3 Bf8 19. f3 Nf6 20. Nc3 Bc5+ 21. Kh1
g4 22. Rf1 Bg6 23. Rad1 gxf3 24. gxf3 Kg7 25. Bg3 Nh5 26. Bf2 Bxf2 27. Rxf2 Nf4
28. Rd4 Re1+ 29. Rf1 Rxf1+ 30. Bxf1 Ne6 31. Rd6 c5 32. Bc4 Nd4 33. Ne2 Nf5 34.
Rd7 Rb8 35. b3 Ne3 36. Nf4 Nxc4 37. bxc4 Rb3 38. Rxa7 Rxf3 39. Nxg6 Kxg6 40. Ra5
Rc3 41. Rxc5 Rxa3 1/2-1/2

[Event "TCh-CHN Division A 2014"]
[Site "Shaoguan CHN"]
[Date "2014.07.27"]
[Round "11.5"]
[White "Xu, Yinglun"]
[Black "Liu, Qingnan"]
[Result "0-1"]
[BlackTitle "IM"]
[WhiteElo "2410"]
[BlackElo "2510"]
[WhiteTeam "Guangdong"]
[BlackTeam "Shandong"]
[WhiteFideId "8604940"]
[BlackFideId "8603294"]
[EventDate "2014.04.12"]

1. d4 d5 2. c4 e6 3. Nc3 Nf6 4. cxd5 exd5 5. Bg5 Bb4 6. e3 Nbd7 7. Bd3 c5 8. Ne2
c4 9. Bf5 h6 10. Bh4 g6 11. Bxd7+ Bxd7 12. O-O Bc6 13. Bxf6 Qxf6 14. e4 dxe4 15.
d5 Bd7 16. Nxe4 Qe5 17. N2c3 O-O 18. Re1 Rfe8 19. Qd2 Qg7 20. a3 Bf8 21. d6 Re6
22. Nd5 Rae8 23. f3 Bxd6 24. Ndf6+ Rxf6 25. Nxd6 Rxe1+ 26. Rxe1 Re6 27. Rxe6
Bxe6 28. Nxb7 Qe5 29. h3 Bd5 30. Nc5 Bc6 31. Qb4 Qd4+ 32. Kh2 Kh7 33. Na4 a5 34.
Qc3 Qd6+ 0-1

[Event "TCh-CHN Division A 2014"]
[Site "Shaoguan CHN"]
[Date "2014.07.27"]
[Round "11.5"]
[White "Zeng, Chongsheng"]
[Black "Wen, Yang"]
[Result "0-1"]
[WhiteTitle "GM"]
[BlackTitle "GM"]
[WhiteElo "2540"]
[BlackElo "2586"]
[WhiteTeam "Guangdong"]
[BlackTeam "Shandong"]
[WhiteFideId "8603847"]
[BlackFideId "8602956"]
[EventDate "2014.04.12"]

1. b3 e5 2. Bb2 Nc6 3. e3 g6 4. Nf3 Bg7 5. d4 exd4 6. Nxd4 Nxd4 7. Bxd4 Nf6 8.
Be2 O-O 9. O-O d5 10. Nd2 Qe7 11. Bf3 Rd8 12. Qc1 c5 13. Qa3 b6 14. c4 Bb7 15.
Rad1 Rd7 16. Bxf6 Qxf6 17. cxd5 Bxd5 18. e4 Bb7 19. e5 Qxe5 20. Nc4 Qe7 21. Rde1
Qf8 22. Bxb7 Rxb7 23. Qa6 Rd7 24. a4 Qc8 25. Qxc8+ Rxc8 26. Re3 Bd4 27. Re4 Rb8
28. Rfe1 Kf8 29. g4 h6 30. Kg2 a6 31. h4 b5 32. axb5 axb5 33. Ne5 Rc7 34. Nf3
Bg7 35. Rc1 Rd8 36. Rb4 cxb4 37. Rxc7 Rd3 38. Rb7 Rxb3 39. Rxb5 Bc3 40. h5 Rb1
41. Rc5 gxh5 42. gxh5 Ke7 43. Nh4 Kd6 44. Rc8 Bf6 45. Nf5+ Kd7 46. Rb8 b3 47.
Nxh6 b2 48. Nf5 Bd4 0-1

[Event "TCh-CHN Division A 2014"]
[Site "Shaoguan CHN"]
[Date "2014.07.27"]
[Round "11.5"]
[White "Xiao, Yiyi"]
[Black "Li, Xueyi"]
[Result "1-0"]
[WhiteTitle "WFM"]
[WhiteElo "2248"]
[BlackElo "2193"]
[WhiteTeam "Shandong"]
[BlackTeam "Guangdong"]
[WhiteFideId "8606161"]
[BlackFideId "8605912"]
[EventDate "2014.04.12"]

1. d4 d5 2. c4 c6 3. cxd5 cxd5 4. Nc3 Nc6 5. Bf4 Nf6 6. e3 a6 7. Bd3 e6 8. Nf3
Be7 9. O-O O-O 10. Rc1 Bd7 11. Ne5 Be8 12. Bb1 Rc8 13. Qd3 Nb4 14. Qe2 Nd7 15.
a3 Nxe5 16. dxe5 Nc6 17. Rfd1 Bd7 18. Qf3 g6 19. Ba2 Re8 20. e4 d4 21. Nd5 exd5
22. exd5 Nxe5 23. Bxe5 Rxc1 24. Rxc1 Bg5 25. Bf4 Bf6 26. h3 Bf5 27. d6 d3 28.
Qxb7 Rf8 29. Rc7 Qe8 30. Re7 Qb5 31. Bxf7+ Kh8 32. Qxb5 axb5 33. g4 g5 34. Be3
Bc8 35. d7 Bb7 36. Bd4 Bxd4 37. Re8 d2 38. Rxf8+ Kg7 39. Bb3 1-0

[Event "TCh-CHN Division A 2014"]
[Site "Shaoguan CHN"]
[Date "2014.07.27"]
[Round "11.5"]
[White "Sun, Fanghui"]
[Black "Munguntuul, Batkhuyag"]
[Result "0-1"]
[BlackTitle "IM"]
[WhiteElo "2077"]
[BlackElo "2438"]
[WhiteTeam "Shandong"]
[BlackTeam "Guangdong"]
[WhiteFideId "8604150"]
[BlackFideId "4900758"]
[EventDate "2014.04.12"]

1. e4 c5 2. Nf3 e6 3. d4 cxd4 4. Nxd4 Nc6 5. Nc3 Qc7 6. Be2 Nf6 7. O-O a6 8.
Nxc6 bxc6 9. Qd4 d5 10. exd5 cxd5 11. Bf4 Qc5 12. Qxc5 Bxc5 13. Na4 Ba7 14. Bc7
Nd7 15. c4 Bb7 16. cxd5 Bxd5 17. Nc3 Bb7 18. Rad1 Rc8 19. Ba5 Ne5 20. Na4 O-O
21. Bc3 Bb8 22. Nb6 Rc6 23. Bxe5 Rxb6 24. Bd4 Rc6 25. Bf3 Rc7 26. Be5 Bxf3 27.
Bxc7 Bxd1 28. Bxb8 Be2 29. Re1 Bc4 30. Rc1 Bxa2 31. Bd6 Rd8 32. Rc6 a5 33. Rb6
f6 34. Rb8 Rxb8 35. Bxb8 e5 36. Kf1 Kf7 37. f4 e4 38. Ke2 Ke6 39. Ke3 Kf5 40.
Bd6 a4 41. Bf8 g6 42. Be7 h5 43. Bd8 Bc4 44. g3 Bd5 45. Be7 Bb7 46. Bd8 Kg4 47.
Bxf6 Kh3 48. Bh4 Kxh2 49. Kf2 Kh3 50. Ke3 Kg2 51. Ke2 Ba6+ 52. Ke3 Bd3 53. f5
gxf5 54. Kf4 Bb5 55. Ke3 Bc6 56. Kf4 Kh3 57. Be7 e3 58. Bb4 e2 59. Be1 Kg2 60.
Ke3 Kf1 0-1

[Event "TCh-CHN Division A 2014"]
[Site "Shaoguan CHN"]
[Date "2014.07.27"]
[Round "11.6"]
[White "Yu, Ruiyuan"]
[Black "Mu, Ke"]
[Result "0-1"]
[WhiteTitle "GM"]
[WhiteElo "2552"]
[BlackElo "2413"]
[WhiteTeam "Jiangsu"]
[BlackTeam "Qingdao Experimental School"]
[WhiteFideId "8603090"]
[BlackFideId "8602778"]
[EventDate "2014.04.12"]

1. e4 e6 2. d4 d5 3. Nd2 Nc6 4. Ngf3 Nf6 5. e5 Nd7 6. c3 f6 7. Bb5 fxe5 8. dxe5
Be7 9. Nd4 Nxd4 10. cxd4 O-O 11. Bd3 Rf7 12. Nf3 Nf8 13. h4 c5 14. Ng5 Bxg5 15.
hxg5 g6 16. Qg4 Bd7 17. dxc5 Bb5 18. Bxb5 Qa5+ 19. Bd2 Qxb5 20. Qd4 Nd7 21. Rc1
Raf8 22. f4 Nb8 23. g3 Nc6 24. Qc3 Rf5 25. Kd1 a5 26. Qb3 Qa6 27. a4 Nd4 28. Qe3
Nc6 29. Qe2 Qa8 30. Qd3 Qe8 31. Rc2 R5f7 32. Be1 Rc7 33. Rch2 Rf5 34. Qb5 Qf8
35. Qb6 Rff7 36. Bc3 Rfd7 37. Qb5 Qf5 38. Kd2 Qf8 39. b3 d4 40. Bb2 Nb4 41. Qxa5
Rxc5 42. Qb6 Rc2+ 43. Kd1 Rc6 44. Qb5 Nd5 45. Qd3 Ne3+ 46. Ke2 Rc2+ 47. Kf3 Rxh2
48. Rxh2 Qc5 49. Qe4 d3 50. Rd2 Nf1 51. Rd1 Qg1 52. Rxd3 Qh1+ 0-1

[Event "TCh-CHN Division A 2014"]
[Site "Shaoguan CHN"]
[Date "2014.07.27"]
[Round "11.6"]
[White "Lin, Chen"]
[Black "Wang, Tongsen"]
[Result "0-1"]
[WhiteTitle "IM"]
[WhiteElo "2463"]
[BlackElo "2185"]
[WhiteTeam "Jiangsu"]
[BlackTeam "Qingdao Experimental School"]
[WhiteFideId "8602298"]
[BlackFideId "8608067"]
[EventDate "2014.04.12"]

1. e4 c5 2. Nf3 d6 3. d4 Nf6 4. Nc3 cxd4 5. Nxd4 a6 6. Be2 e6 7. O-O Qc7 8. f4
Be7 9. Qe1 b5 10. e5 dxe5 11. fxe5 Nfd7 12. Bf3 Bb7 13. Qg3 Bc5 14. Be3 Nc6 15.
Bxc6 Bxc6 16. Qxg7 O-O-O 17. Qxf7 Rdg8 18. Rf2 Qxe5 19. Nxc6 Qxe3 20. Nd8 Rf8
21. Kh1 Rxf7 22. Rxf7 Ne5 23. Raf1 Ng4 24. Rd1 Qg1+ 0-1

[Event "TCh-CHN Division A 2014"]
[Site "Shaoguan CHN"]
[Date "2014.07.27"]
[Round "11.6"]
[White "Gong, Qianyun"]
[Black "Shen, Yang"]
[Result "0-1"]
[WhiteTitle "WIM"]
[BlackTitle "IM"]
[WhiteElo "2349"]
[BlackElo "2475"]
[WhiteTeam "Qingdao Experimental School"]
[BlackTeam "Jiangsu"]
[WhiteFideId "8602425"]
[BlackFideId "8603162"]
[EventDate "2014.04.12"]

1. b3 e5 2. Bb2 Nc6 3. e3 d5 4. Bb5 f6 5. Nf3 Bd6 6. c4 a6 7. Ba4 Be6 8. cxd5
Bxd5 9. Nc3 Bxf3 10. Qxf3 Ne7 11. Bxc6+ Nxc6 12. O-O-O Qd7 13. Ne2 O-O-O 14. d4
Qe7 15. d5 Na7 16. a4 Kb8 17. Qe4 Nc8 18. g4 h5 19. gxh5 Rxh5 20. Ng3 Rh3 21.
Nf5 Qd7 22. Rdg1 g5 23. Qg4 Rdh8 24. f4 gxf4 25. exf4 Bc5 26. Rd1 R8h4 27. Qg6
Rxf4 28. Ng3 Qh7 29. Qxh7 Rxh7 30. Rdf1 Ne7 31. Rxf4 Be3+ 0-1

[Event "TCh-CHN Division A 2014"]
[Site "Shaoguan CHN"]
[Date "2014.07.27"]
[Round "11.6"]
[White "Wang, Xinyue"]
[Black "Guo, Qi"]
[Result "0-1"]
[BlackTitle "WGM"]
[WhiteElo "2139"]
[BlackElo "2458"]
[WhiteTeam "Qingdao Experimental School"]
[BlackTeam "Jiangsu"]
[WhiteFideId "8603960"]
[BlackFideId "8604002"]
[EventDate "2014.04.12"]

1. d4 d5 2. c4 e6 3. Nc3 Bb4 4. Qc2 Nf6 5. a3 Bxc3+ 6. Qxc3 O-O 7. Bg5 dxc4 8.
Qxc4 b6 9. Nf3 Ba6 10. Qa4 h6 11. Bh4 Qd7 12. Qxd7 Nbxd7 13. e3 Bxf1 14. Kxf1 c5
15. Ke2 Rfc8 16. Rac1 g5 17. Bg3 g4 18. Ne5 cxd4 19. Nc6 d3+ 20. Kxd3 Kg7 21.
Ke2 Ne4 22. b4 b5 23. f3 Nxg3+ 24. hxg3 Nb6 25. Rc5 Nd7 26. Rcc1 a6 27. e4 Rc7
28. Ne7 Rb7 29. Nc8 Ne5 30. Nd6 Rd7 31. Rhd1 Rad8 32. f4 Rxd6 33. Rxd6 Rxd6 34.
fxe5 Rd7 35. Rc6 Ra7 36. Rb6 h5 37. Ke3 a5 38. Rxb5 axb4 39. axb4 Ra2 40. Kf4
Kg6 41. Rb8 Rf2+ 42. Ke3 Rxg2 43. b5 Rxg3+ 44. Kf2 Rf3+ 45. Kg2 Rb3 46. b6 Kg7 0-1

[Event "TCh-CHN Division A 2014"]
[Site "Jiaxing CHN"]
[Date "2014.09.10"]
[Round "12.1"]
[White "Wang, Yiye"]
[Black "Mu, Ke"]
[Result "1/2-1/2"]
[WhiteTitle "IM"]
[WhiteElo "2422"]
[BlackElo "2413"]
[WhiteTeam "Beijing"]
[BlackTeam "Qingdao Experimental School"]
[WhiteFideId "8606021"]
[BlackFideId "8602778"]
[EventDate "2014.04.12"]

1. e4 e6 2. d4 d5 3. Nd2 Nc6 4. Ngf3 Nf6 5. e5 Nd7 6. Bb5 a6 7. Bxc6 bxc6 8. Nb3
c5 9. Bg5 Be7 10. Na5 Nxe5 11. Nxe5 Bxg5 12. dxc5 O-O 13. O-O f6 14. Nec6 Qe8
15. Re1 Bd7 16. Nb4 Qf7 17. Qd4 c6 18. Nbxc6 Rac8 19. Nb4 e5 20. Qd1 Rxc5 21.
Nb3 Rc4 22. Nxd5 Bc6 23. Ne3 Bxe3 24. Rxe3 Qg6 25. Rg3 Qxc2 26. Na5 Qxd1+ 27.
Rxd1 Rc2 28. Nxc6 Rxc6 29. h4 Rf7 30. Rd8+ Rf8 31. Rd7 1/2-1/2

[Event "TCh-CHN Division A 2014"]
[Site "Jiaxing CHN"]
[Date "2014.09.10"]
[Round "12.1"]
[White "Yu, Yangyi"]
[Black "Ma, Zhonghan"]
[Result "1/2-1/2"]
[WhiteTitle "GM"]
[WhiteElo "2705"]
[BlackElo "2471"]
[WhiteTeam "Beijing"]
[BlackTeam "Qingdao Experimental School"]
[WhiteFideId "8603820"]
[BlackFideId "8607206"]
[EventDate "2014.04.12"]

1. e4 e5 2. Nf3 Nc6 3. d4 exd4 4. Nxd4 Qf6 5. Be3 Bc5 6. c3 Nge7 7. Bc4 O-O 8.
O-O Bb6 9. Na3 Qg6 10. Nxc6 dxc6 11. Qf3 Be6 12. Rfe1 Rad8 13. Qg3 Qxg3 14. hxg3
Bxe3 15. Rxe3 Rd2 16. Re2 Rxe2 17. Bxe2 Rd8 18. Bc4 Bc8 19. Kf1 g5 20. Ke2 Kg7
21. Nc2 f5 22. exf5 Nxf5 23. Bd3 c5 24. g4 Nh6 25. f3 Re8+ 26. Kd2 Nf7 27. Rh1
h6 28. Ne3 Be6 29. b3 Nd6 30. c4 Bf7 31. Nf1 Bg6 32. Bxg6 Kxg6 33. Ng3 a5 34. a4
Re5 35. Kd3 Re7 36. Kd2 Re5 37. Nf1 Nc8 38. g3 Ne7 39. Ne3 Re6 40. f4 Re4 41.
fxg5 hxg5 42. Rh8 Rd4+ 43. Kc3 Rd6 44. Nc2 Nc6 45. Rg8+ Kf6 46. Rf8+ Kg6 47. Ne3
Nb4 48. Nf5 Rd3+ 49. Kb2 Rd2+ 50. Kc1 1/2-1/2

[Event "TCh-CHN Division A 2014"]
[Site "Jiaxing CHN"]
[Date "2014.09.10"]
[Round "12.1"]
[White "Xiu, Deshun"]
[Black "Xu, Zhihang"]
[Result "1-0"]
[WhiteTitle "GM"]
[WhiteElo "2553"]
[BlackElo "2119"]
[WhiteTeam "Beijing"]
[BlackTeam "Qingdao Experimental School"]
[WhiteFideId "8603693"]
[BlackFideId "8611572"]
[EventDate "2014.04.12"]

1. d4 Nf6 2. c4 e6 3. Nf3 d5 4. Nc3 Bb4 5. cxd5 exd5 6. Bg5 h6 7. Bh4 Nbd7 8.
Qc2 c5 9. e3 O-O 10. Be2 g5 11. Bg3 Ne4 12. O-O Bxc3 13. bxc3 c4 14. Nd2 Ndf6
15. Nxe4 Nxe4 16. f3 Nxg3 17. hxg3 Qd6 18. Kh2 Re8 19. e4 Qg6 20. Rae1 b5 21.
Bd1 Bd7 22. Qc1 Bc6 23. e5 f5 24. g4 f4 25. g3 fxg3+ 26. Kxg3 Bd7 27. Bc2 Qf7
28. f4 gxf4+ 29. Qxf4 Qg7 30. Bf5 Be6 31. Rh1 Bxf5 32. Qxf5 Re7 33. Ref1 Rae8
34. Qf3 Rd8 35. Qf6 Qxf6 36. Rxf6 Rg7 37. Rfxh6 Kf7 38. Ra6 Kg8 39. Rhh6 Rf8 40.
Rhf6 Rxf6 41. exf6 Rc7 42. a3 Kf7 43. Kf4 1-0

[Event "TCh-CHN Division A 2014"]
[Site "Jiaxing CHN"]
[Date "2014.09.10"]
[Round "12.1"]
[White "Lei, Tingjie"]
[Black "Zhao, Xue"]
[Result "1-0"]
[WhiteTitle "WGM"]
[BlackTitle "GM"]
[WhiteElo "2421"]
[BlackElo "2514"]
[WhiteTeam "Qingdao Experimental School"]
[BlackTeam "Beijing"]
[WhiteFideId "8605114"]
[BlackFideId "8601283"]
[EventDate "2014.04.12"]

1. d4 e6 2. c4 b6 3. e4 Bb7 4. Bd3 Nc6 5. Ne2 Nb4 6. Nbc3 Nxd3+ 7. Qxd3 Ne7 8.
Bg5 h6 9. Bh4 d6 10. O-O-O Qd7 11. Rhe1 O-O-O 12. f4 g5 13. Bf2 f5 14. exf5 Nxf5
15. d5 exd5 16. Nxd5 c5 17. Nec3 Ne7 18. f5 Kb8 19. Nxe7 Bxe7 20. Nd5 Rde8 21.
Re6 Bxd5 22. Qxd5 Bf8 23. Rxe8+ Qxe8 24. Re1 Qd7 25. Bg3 h5 26. Re6 Kc7 27. Rf6
Be7 28. Bxd6+ Bxd6 29. Rf7 Be7 30. Qe5+ Kc6 31. Rxe7 1-0

[Event "TCh-CHN Division A 2014"]
[Site "Jiaxing CHN"]
[Date "2014.09.10"]
[Round "12.1"]
[White "Gong, Qianyun"]
[Black "Wang, Jue"]
[Result "1/2-1/2"]
[WhiteTitle "WIM"]
[BlackTitle "WGM"]
[WhiteElo "2349"]
[BlackElo "2353"]
[WhiteTeam "Qingdao Experimental School"]
[BlackTeam "Beijing"]
[WhiteFideId "8602425"]
[BlackFideId "8604070"]
[EventDate "2014.04.12"]

1. e4 c5 2. Nf3 e6 3. b3 d6 4. Bb2 Nf6 5. e5 dxe5 6. Nxe5 Nbd7 7. Na3 Nxe5 8.
Bxe5 Qd5 9. Bb2 Be7 10. Be2 Qxg2 11. Bf3 Qg5 12. Qe2 Nd7 13. h4 Qh6 14. Nc4 O-O
15. O-O-O Bf6 16. c3 Rb8 17. Ne3 Ne5 18. Be4 Bd7 19. Rdf1 Qf4 20. Ng2 Qg4 21. f3
Qh5 22. Kb1 Bc6 23. d3 Bxe4 24. dxe4 Ng6 25. Qe3 Rfd8 26. f4 b6 27. f5 exf5 28.
Rxf5 Qg4 29. Nf4 Rd1+ 30. Rxd1 Qxd1+ 31. Bc1 Nxf4 32. Rxf4 Be5 33. Rf5 f6 34. h5
Rd8 35. Rxe5 fxe5 36. Qg5 Qd3+ 37. Kb2 Rf8 38. Qxe5 Rf2+ 39. Ka1 Qd1 40. Qe6+
Rf7 41. Kb2 Qd7 42. Qc4 Kh8 43. h6 Rf2+ 44. Ka3 Qf7 45. Qd3 gxh6 46. Bxh6 Qf6
47. Qg3 Qxh6 48. Qxf2 Qd6 49. Qf5 Qe7 50. c4 Kg7 51. Qg4+ Kf7 52. Qf5+ Kg8 53.
Qg4+ Kh8 54. Qc8+ Kg7 55. Qg4+ Kf7 56. Qf5+ Ke8 57. Qc8+ Kf7 58. Qf5+ Kg7 59.
Qg4+ Kf8 60. Qc8+ Qe8 61. Qf5+ Qf7 62. Qe5 h5 63. Qh8+ Ke7 64. Qe5+ Kd7 65. Qb8
Ke6 66. e5 h4 67. Qh8 Qe7 68. Qh5 a6 69. Qh8 Kd7 70. Qb8 h3 71. Qb7+ Ke6 72.
Qd5+ Kf5 73. Qf3+ Kxe5 74. Qxh3 Kd6 75. Qg3+ Kc6 76. Qb8 a5 77. Qc8+ Qc7 78.
Qa8+ Qb7 79. Qe8+ Qd7 1/2-1/2

[Event "TCh-CHN Division A 2014"]
[Site "Jiaxing CHN"]
[Date "2014.09.10"]
[Round "12.2"]
[White "Yu, Ruiyuan"]
[Black "Bu, Xiangzhi"]
[Result "1-0"]
[WhiteTitle "GM"]
[BlackTitle "GM"]
[WhiteElo "2552"]
[BlackElo "2707"]
[WhiteTeam "Jiangsu"]
[BlackTeam "Shandong"]
[WhiteFideId "8603090"]
[BlackFideId "8601445"]
[EventDate "2014.04.12"]

1. e4 e5 2. Nf3 Nc6 3. d4 exd4 4. Nxd4 Nf6 5. Nxc6 bxc6 6. Bd3 d6 7. O-O g6 8.
Qf3 Nd7 9. Qg3 Bg7 10. Bg5 Bf6 11. Bxf6 Qxf6 12. Nc3 O-O 13. f4 Rb8 14. Rab1 Kh8
15. Kh1 Nc5 16. e5 Qe7 17. Ne4 Nxe4 18. Bxe4 dxe5 19. fxe5 Rb5 20. Bxc6 Rc5 21.
Qa3 Rxe5 22. Qxa7 Bf5 23. a4 Rd8 24. Ra1 Rd2 25. a5 Rxc2 26. Bf3 Be4 27. Bxe4
Rxe4 28. a6 Rxg2 29. Qa8+ Kg7 30. Kxg2 Re2+ 31. Rf2 Qg5+ 32. Kf1 Rxf2+ 33. Kxf2
Qf6+ 34. Kg1 c6 35. Qa7 Qg5+ 36. Kf1 Qb5+ 37. Ke1 Qb4+ 38. Kd1 Qb3+ 39. Kc1 Qc4+
40. Kd2 Qb4+ 41. Ke3 Qb3+ 42. Kf4 Qc4+ 43. Kf3 Qd5+ 44. Kf2 Qf5+ 45. Ke3 Qe6+
46. Kd2 Qd5+ 47. Kc3 Qf3+ 48. Kb4 Qe4+ 49. Ka3 Qd3+ 50. b3 Qd6+ 51. Ka4 Qe5 52.
Rd1 Qb5+ 53. Ka3 c5 54. Qb7 1-0

[Event "TCh-CHN Division A 2014"]
[Site "Jiaxing CHN"]
[Date "2014.09.10"]
[Round "12.2"]
[White "Lin, Chen"]
[Black "Wen, Yang"]
[Result "0-1"]
[WhiteTitle "IM"]
[BlackTitle "GM"]
[WhiteElo "2463"]
[BlackElo "2586"]
[WhiteTeam "Jiangsu"]
[BlackTeam "Shandong"]
[WhiteFideId "8602298"]
[BlackFideId "8602956"]
[EventDate "2014.04.12"]

1. e4 e5 2. Nf3 Nc6 3. Bb5 Nf6 4. d3 Bc5 5. Bxc6 dxc6 6. Be3 Bxe3 7. fxe3 Qe7 8.
Nc3 O-O 9. O-O Ne8 10. a3 Nd6 11. Qe1 Bd7 12. Qh4 f6 13. h3 Rae8 14. Rf2 a5 15.
Nd2 Be6 16. Ne2 b6 17. Raf1 Kh8 18. g4 c5 19. Ng3 Rg8 20. Nh5 c4 21. d4 Bf7 22.
Re1 c5 23. c3 Qd8 24. d5 a4 25. Kh2 Ref8 26. Rg1 b5 27. Rf3 Bg6 28. Ng3 b4 29.
Nf5 bxc3 30. bxc3 Bxf5 31. gxf5 Qa5 32. Rg4 Nf7 33. Nxc4 Qxc3 34. Nd6 Ng5 35.
Rfg3 Qd2+ 36. Kh1 Qe1+ 37. Kh2 Qf2+ 38. Kh1 Qe1+ 39. Kh2 c4 40. Qh5 Qf2+ 41. Kh1
c3 42. Rxg5 fxg5 43. Rxg5 Qxe3 44. Rg2 Qc1+ 45. Rg1 Qe3 46. Rg2 Qc5 0-1

[Event "TCh-CHN Division A 2014"]
[Site "Jiaxing CHN"]
[Date "2014.09.10"]
[Round "12.2"]
[White "Xiao, Yiyi"]
[Black "Shen, Yang"]
[Result "0-1"]
[WhiteTitle "WFM"]
[BlackTitle "IM"]
[WhiteElo "2248"]
[BlackElo "2475"]
[WhiteTeam "Shandong"]
[BlackTeam "Jiangsu"]
[WhiteFideId "8606161"]
[BlackFideId "8603162"]
[EventDate "2014.04.12"]

1. d4 d5 2. c4 c6 3. Nc3 e6 4. e3 Bd6 5. Nf3 f5 6. Be2 Nf6 7. O-O O-O 8. b3 Nbd7
9. a4 Qe7 10. a5 Ne4 11. Qc2 Rf6 12. c5 Bc7 13. a6 e5 14. axb7 Bxb7 15. g3 exd4
16. Nxe4 fxe4 17. Nxd4 Qxc5 18. Qxc5 Nxc5 19. b4 Nd7 20. Bb2 Be5 21. Ra2 a6 22.
Rfa1 Raf8 23. Bg4 Nb6 24. Nb3 Bxb2 25. Rxb2 Nc4 26. Rc2 Ne5 27. Bh3 Nf3+ 28. Kg2
Rh6 29. Rh1 Bc8 30. Bxc8 Rxc8 31. Nc5 Rxh2+ 32. Rxh2 Ne1+ 33. Kh3 Nxc2 34. Nxa6
Ra8 35. b5 cxb5 36. Nc7 Ra5 37. f3 Nxe3 38. fxe4 d4 39. g4 b4 40. Ne6 Ra6 0-1